| 000 | nam a22 7a 4500 | ||
|---|---|---|---|
| 999 |
_c127723 _d127723 |
||
| 008 | 180320b xxu||||| |||| 00| 0 eng d | ||
| 050 |
_aHQ18.C6 _bG81 |
||
| 100 |
_aGulik, Robert van _940805 |
||
| 245 |
_aLa vie sexuelle dans la Chine ancienne _cRobert van Gulik |
||
| 260 |
_aFrance _bGallimard _c1971 |
||
| 300 |
_a466p. ; _c19cm. |
||
| 440 |
_aTel _939593 |
||
| 650 |
_aSex _9919 |
||
| 650 |
_aChina _xSocial life and customs _940806 |
||
| 700 |
_aEvrard, Louis _940807 _etr. |
||
| 942 |
_2lcc _cMONOGRAPH |
||